Community writing: researching social issues through composition
Uloženo v:
| Hlavní autor: | |
|---|---|
| Médium: | Kniha |
| Jazyk: | angličtina |
| Vydáno: |
Mahwah
Lawrence Erlbaum Associates
2001
|
| Edice: | Language, Culture, and Teaching
|
| Témata: | |
| Tagy: |
Přidat tag
Žádné tagy, Buďte první, kdo vytvoří štítek k tomuto záznamu!
|
MARC
| LEADER | 00000nam a2200000 a 4500 | ||
|---|---|---|---|
| 001 | UCM3615 | ||
| 003 | CL-VaPUC | ||
| 008 | 020712e20010000us |||||||||||||||||eng|d | ||
| 082 | 0 | 4 | |a 808.04 |b COL |2 21 |
| 100 | 0 | |a Collins, Paul S |e author |9 470307 | |
| 245 | 1 | 0 | |a Community writing: researching social issues through composition |
| 300 | |a 191 p | ||
| 942 | |c BK | ||
| 945 | |d 20020712 00:00:00 |a cmena | ||
| 260 | |a Mahwah |b Lawrence Erlbaum Associates |c 2001 | ||
| 650 | 7 | |a LECTORES - ASPECTOS SOCIALES |2 CL-VaPUC |9 470308 | |
| 650 | 0 | |a Ciencias sociales |9 256351 | |
| 650 | 0 | |a Vida comunitaria |9 352188 | |
| 650 | 7 | |a LENGUAJE INGLES |2 CL-VaPUC |9 454942 | |
| 583 | |a last modification |c 20171120 05:00:35 |k Rodrigo Vera | ||
| 490 | 0 | |a Language, Culture, and Teaching | |
| 999 | |c 300822 |d 300820 | ||
| 952 | |0 0 |1 0 |4 0 |6 808_040000000000000_COL_2001 |7 0 |8 A |9 359164 |a FDOPOS |b FDOPOS |d 2019-11-21 |i 3826937 |o 808.04 COL 2001 |p 3826937 |r 2025-01-22 |w 2019-11-21 |y BK |k MLA | ||